000
00196 a2200097 4500
001
3691
100
_a
Pak Pub
245
_a
Pakistan:- 1955-1956
260
_a
_b
Pak Publi
_c
090
_c
2949
_d
2949
942
_a
NUST-CAE
_c
M
_c
21657
999
_c
238764
_d
238764